00329nam a2200133Ia 4500003000400000008004100004020001100045040000800056100001800064245005900082260002900141300001400170365001100184LDD181029s9999 xx 000 0 und d c495.00 cLDD aKumar, Rakesh 0aMunicipal water and wastewater treatmentcRakesh Kumar aNew DelhibCapitalc2006 axv, 249p. b495.00